LIBRARY ONLINE CATALOGUE

Wycliffe biographical dictionary of the Church / (Record no. 21473)

MARC details
000 -LEADER
fixed length control field 01086cam a2200349 a 4500
001 - CONTROL NUMBER
control field 426969
003 - CONTROL NUMBER IDENTIFIER
control field OSt
005 - DATE AND TIME OF LATEST TRANSACTION
control field 20260316144243.0
008 - FIXED-LENGTH DATA ELEMENTS--GENERAL INFORMATION
fixed length control field 820113s1982 ilu b 001 0ceng
010 ## - LIBRARY OF CONGRESS CONTROL NUMBER
LC control number 81022578
020 ## - INTERNATIONAL STANDARD BOOK NUMBER
International Standard Book Number 0802496938
020 ## - INTERNATIONAL STANDARD BOOK NUMBER
International Standard Book Number 9780802496935
035 ## - SYSTEM CONTROL NUMBER
System control number 426969
040 ## - CATALOGING SOURCE
Original cataloging agency DLC
Transcribing agency DLC
Modifying agency DLC
050 00 - LIBRARY OF CONGRESS CALL NUMBER
Classification number BR1700.2
Item number .M66 1982
082 00 - DEWEY DECIMAL CLASSIFICATION NUMBER
Classification number 270/.092/2
-- B
Edition number 19
100 1# - MAIN ENTRY--PERSONAL NAME
Personal name Moyer, Elgin Sylvester,
Dates associated with a name 1890-
245 10 - TITLE STATEMENT
Title Wycliffe biographical dictionary of the Church /
Statement of responsibility, etc. by Elgin Moyer.
250 ## - EDITION STATEMENT
Edition statement Rev. and enl. /
Remainder of edition statement by Earle E. Cairns.
260 ## - PUBLICATION, DISTRIBUTION, ETC. (IMPRINT)
Place of publication, distribution, etc. Chicago :
Name of publisher, distributor, etc. Moody Press,
Date of publication, distribution, etc. c1982.
300 ## - PHYSICAL DESCRIPTION
Extent xxx, 449 p. ;
Dimensions 24 cm.
336 ## - CONTENT TYPE
Content type term text
Content type code txt
Source rdacontent
337 ## - MEDIA TYPE
Media type term unmediated
Media type code n
Source rdamedia
338 ## - CARRIER TYPE
Carrier type term volume
Carrier type code nc
Source rdacarrier
500 ## - GENERAL NOTE
General note Includes index.
504 ## - BIBLIOGRAPHY, ETC. NOTE
Bibliography, etc Bibliography: p. v-vi.
650 #0 - SUBJECT ADDED ENTRY--TOPICAL TERM
Topical term or geographic name as entry element Christian biography
General subdivision Dictionaries.
700 1# - ADDED ENTRY--PERSONAL NAME
Personal name Cairns, Earle Edwin,
Dates associated with a name 1910-
906 ## - LOCAL DATA ELEMENT F, LDF (RLIN)
a 7
b cbc
c orignew
d 1
e ocip
f 19
g y-gencatlg
942 ## - ADDED ENTRY ELEMENTS (KOHA)
Source of classification or shelving scheme Library of Congress Classification
Koha item type General Collection
Holdings
Withdrawn status Lost status Source of classification or shelving scheme Not for loan Home library Current library Shelving location Date acquired Source of acquisition Inventory number Total Checkouts Full call number Barcode Date last seen Copy number Price effective from Koha item type
    Library of Congress Classification Not For Loan Kabarak, Main Campus Kabarak, Main Campus Reference 16/03/2026 Donation 2025/3407   REF BR1700.2 .M66 1982 C.1 38580 16/03/2026 C.1 16/03/2026 Reference